Produkt-Controlling Betriebswirtschaftliche und technische Verfahren zur Produktentwicklung

Salvato in:
Dettagli Bibliografici
Autore principale: Jaspersen, Thomas
Natura: Libro
Lingua:tedesco
Pubblicazione: München Oldenbourg 1992
Edizione:1. Aufl.
Soggetti:
Tags: Aggiungi Tag
Nessun Tag, puoi essere il primo ad aggiungerne!!

MARC

LEADER 00000nam a2200000 4500
001 c003608
005 20221206084832.1
020 |a 3-486-22363-1 
041 0 |a ger 
044 |a DE 
245 1 0 |a Produkt-Controlling  |b Betriebswirtschaftliche und technische Verfahren zur Produktentwicklung  |c Thomas Jaspersen 
250 |a 1. Aufl. 
264 1 |a München  |b Oldenbourg  |c 1992 
300 |a 458 s. 
610 2 0 |a kontroling 
610 2 0 |a výrobky nové 
610 2 0 |a inovácia 
610 2 0 |a modely 
610 2 0 |a trh 
610 2 0 |a plánovanie výroby 
610 2 0 |a kontrola výroby 
610 2 0 |a vývoj výrobku 
610 2 0 |a využitie počítačov 
610 2 0 |a CAD 
610 2 0 |a CAM 
610 2 0 |a CIM 
610 2 0 |a riadenie výroby 
100 1 |a Jaspersen, Thomas